[Event "Rottach Egern Seniors Cup 13th"]
[Site "Rottach Egern"]
[Date "2025.03.30"]
[Round "2"]
[White "Renger, Juergen"]
[Black "De Polzer, Manfredi"]
[Result "0-1"]
[WhiteElo "1826"]
[BlackElo "1621"]
[PlyCount "71"]
[EventDate "2025.03.29"]
[EventType "swiss"]
[EventRounds "9"]
[EventCountry "GER"]
[SourceTitle "CB16_2025"]
[SourceDate "2025.04.16"]
[SourceVersion "1"]
[SourceVersionDate "2025.04.16"]
[SourceQuality "1"]

1. d4 d5 2. c4 e6 3. Nf3 c5 4. cxd5 Qxd5 5. Nc3 Qc6 6. e3 a6 7. Qb3 Bd7 8. a4 Bd6 9. Bd2 Nf6 10. Rc1 0-0 11. a5 Qc7 12. dxc5 Be7 13. Na4 Bxa4 14. Qxa4 Nc6 15. Be2 Rfd8 16. 0-0 Rd5 17. Nd4 Rad8 18. Bf3 Nxd4 19. exd4 Rxd4 20. Qb3 Rxd2 21. Bxb7 Qxa5 22. c6 Bd6 23. Qe3 Bc7 24. Ra1 Qxa1 25. Rxa1 Rd1+ 26. Qe1 Rxe1+ 27. Rxe1 a5 28. Kf1 Kf8 29. Ke2 Rd5 30. Rc1 Ke7 31. h3 Rb5 32. Rc2 Ne4 33. f3 Nc5 34. Ba8 Kd8 35. Ke3 Bb6 36. Rxc5 0-1

[Event "Rottach Egern Seniors Cup 13th"]
[Site "Rottach Egern"]
[Date "2025.03.29"]
[Round "1"]
[White "Belkahia, Tijani"]
[Black "Renger, Juergen"]
[Result "1-0"]
[WhiteElo "2068"]
[BlackElo "1826"]
[PlyCount "51"]
[EventDate "2025.03.29"]
[EventType "swiss"]
[EventRounds "9"]
[EventCountry "GER"]
[SourceTitle "CB16_2025"]
[SourceDate "2025.04.16"]
[SourceVersion "1"]
[SourceVersionDate "2025.04.16"]
[SourceQuality "1"]

1. e4 e6 2. d4 d5 3. Nc3 Bb4 4. e5 Ne7 5. a3 Bxc3+ 6. bxc3 c5 7. Qg4 0-0 8. Bd3 f5 9. exf6 Rxf6 10. Bg5 Rf7 11. Qh5 g6 12. Qd1 Qa5 13. Bd2 Nbc6 14. Nf3 c4 15. Be2 Bd7 16. h4 Qc7 17. Rb1 b6 18. 0-0 e5 19. dxe5 Nxe5 20. Nxe5 Qxe5 21. Bf3 Qf5 22. Bg5 Be6 23. Re1 Rd8 24. Re3 Rg7 25. Qe2 Rd6 26. Re1 1-0

[Event "Rottach Egern Seniors Cup 12th"]
[Site "Rottach Egern"]
[Date "2024.04.07"]
[Round "2"]
[White "Polster, Wolfgang"]
[Black "Renger, Juergen"]
[Result "1/2-1/2"]
[WhiteElo "2159"]
[BlackElo "1876"]
[PlyCount "44"]
[EventDate "2024.04.06"]
[EventType "swiss"]
[EventRounds "9"]
[EventCountry "GER"]
[SourceTitle "CBM 219 Extra"]
[Source "ChessBase"]
[SourceDate "2024.05.31"]
[SourceVersion "1"]
[SourceVersionDate "2024.05.31"]
[SourceQuality "1"]

1. e4 e6 2. d4 d5 3. Nc3 Bb4 4. Nge2 dxe4 5. a3 Be7 6. Nxe4 Nc6 7. Be3 Nf6 8. N2c3 0-0 9. Bb5 Nxe4 10. Nxe4 Qd5 11. Qd3 f5 12. Nc3 Qd6 13. f4 Bf6 14. 0-0-0 a6 15. Bxc6 bxc6 16. Na4 c5 17. Nxc5 Rb8 18. Qc4 Rb6 19. Rd3 Bd7 20. a4 Rfb8 21. Rb3 Rxb3 22. cxb3 a5 1/2-1/2

[Event "Rottach Egern Seniors Cup 11th"]
[Site "Rottach Egern"]
[Date "2023.04.18"]
[Round "4"]
[White "Antoniacci, Ricardo"]
[Black "Renger, Juergen"]
[Result "1/2-1/2"]
[WhiteElo "1706"]
[BlackElo "1808"]
[PlyCount "46"]
[EventDate "2023.04.15"]
[EventType "swiss"]
[EventRounds "9"]
[EventCountry "GER"]
[SourceTitle "EXT 2024"]
[Source "ChessBase"]
[SourceDate "2023.10.10"]
[SourceVersion "1"]
[SourceVersionDate "2023.10.10"]
[SourceQuality "1"]

1. c4 Nf6 2. Nc3 g6 3. g3 Bg7 4. Bg2 d6 5. d4 0-0 6. e4 c6 7. Nge2 Nbd7 8. 0-0 Rb8 9. Qa4 a6 10. Qc2 b5 11. b3 b4 12. Nd1 c5 13. Bb2 cxd4 14. Nxd4 Bb7 15. Ne3 Qb6 16. Rad1 Nc5 17. Nd5 Nxd5 18. exd5 Bxd4 19. Rxd4 e5 20. Rd2 Qd8 21. f4 f6 22. Rdf2 Qe7 23. Qd2 Rbe8 1/2-1/2

[Event "Rottach Egern Seniors Cup 10th"]
[Site "Rottach Egern"]
[Date "2022.04.02"]
[Round "8"]
[White "Stern, Geoffrey"]
[Black "Renger, Juergen"]
[Result "1-0"]
[WhiteElo "1930"]
[BlackElo "1795"]
[PlyCount "165"]
[EventDate "2022.03.26"]
[EventType "swiss"]
[EventRounds "9"]
[EventCountry "GER"]
[SourceTitle "CBM 207 Extra"]
[Source "ChessBase"]
[SourceDate "2022.05.31"]
[SourceVersion "1"]
[SourceVersionDate "2022.05.31"]
[SourceQuality "1"]

1. d4 Nf6 2. Nc3 g6 3. e4 d6 4. g3 Bg7 5. Bg2 0-0 6. Nge2 e5 7. 0-0 Nc6 8. dxe5 dxe5 9. Bg5 h6 10. Qxd8 Rxd8 11. Bxf6 Bxf6 12. Nd5 Bg7 13. Nxc7 Rb8 14. Rfd1 Bg4 15. f3 Rdc8 16. Nd5 Be6 17. c3 Bf8 18. Nf6+ Kg7 19. Nd7 Bxd7 20. Rxd7 Bc5+ 21. Kf1 Kf8 22. Rad1 Ke8 23. Bh3 Rd8 24. R7d5 Bb6 25. f4 Bc7 26. Kf2 f6 27. Kf3 Ne7 28. Bd7+ Kf7 29. R5d2 Nc6 30. Bxc6 bxc6 31. Rxd8 Rxd8 32. Rxd8 Bxd8 33. fxe5 fxe5 34. Nc1 Ke6 35. Nd3 Kd6 36. c4 c5 37. b3 Bc7 38. Ke3 Bd8 39. h4 h5 40. Nf2 Ke6 41. Nd1 Ba5 42. Kf3 Bd8 43. Nc3 a5 44. Nd5 Kd6 45. Nc3 Kc6 46. Ke3 Be7 47. Ne2 Bd8 48. Ng1 Kb6 49. Nf3 Bf6 50. Kd3 Kc6 51. Kc3 Kd6 52. a3 Bd8 53. Ng5 Bb6 54. Nf3 Bd8 55. Kd3 Ke6 56. Nd2 Kd6 57. Nf1 Kc6 58. Ne3 Kd6 59. Nd5 Kc6 60. Kc3 g5 61. hxg5 Bxg5 62. b4 cxb4+ 63. axb4 axb4+ 64. Nxb4+ Kd6 65. Nd3 Be3 66. Kb4 Bd4 67. Kb5 Kc7 68. c5 Bc3 69. Kc4 Bd4 70. Kd5 Bg1 71. Nc1 Bd4 72. Ne2 Bb2 73. c6 Ba1 74. Ng1 Bd4 75. Nh3 Bc3 76. Ng5 Be1 77. Kxe5 Bxg3+ 78. Kd5 h4 79. Nh3 Bd6 80. Ng1 Bg3 81. Nh3 Bd6 82. Ng5 Bf4 83. Ne6+ 1-0

[Event "Rottach Egern Seniors Cup 10th"]
[Site "Rottach Egern"]
[Date "2022.03.31"]
[Round "6"]
[White "Walther, Reinhard"]
[Black "Renger, Juergen"]
[Result "1-0"]
[WhiteElo "1945"]
[BlackElo "1795"]
[PlyCount "127"]
[EventDate "2022.03.26"]
[EventType "swiss"]
[EventRounds "9"]
[EventCountry "GER"]
[SourceTitle "CBM 207 Extra"]
[Source "ChessBase"]
[SourceDate "2022.05.31"]
[SourceVersion "1"]
[SourceVersionDate "2022.05.31"]
[SourceQuality "1"]

1. d4 Nf6 2. Bg5 e6 3. e4 h6 4. Bxf6 Qxf6 5. c3 d6 6. Bd3 e5 7. Ne2 Be7 8. Nd2 Qg6 9. 0-0 Bg4 10. f3 Bh3 11. Rf2 Bh4 12. g3 Bg5 13. f4 exf4 14. Nxf4 Bxf4 15. Rxf4 h5 16. Qf3 Bg4 17. Qf2 h4 18. Nf1 Nd7 19. Ne3 Be6 20. Bc2 hxg3 21. Qxg3 Qxg3+ 22. hxg3 Nf6 23. d5 Bd7 24. Nf5 Nh5 25. Rh4 0-0-0 26. Kf2 Bxf5 27. exf5 Nf6 28. Rah1 Rxh4 29. Rxh4 Nxd5 30. Rh7 Rg8 31. Bb3 c6 32. Kf3 Kd7 33. Bxd5 cxd5 34. f6 Ke6 35. fxg7 f6 36. g4 Kf7 37. Rh5 Rxg7 38. Rxd5 Ke6 39. Rd4 f5 40. gxf5+ Kxf5 41. Rxd6 Ke5 42. Rd2 Rh7 43. Ke2 Rh3 44. Kd1 Ke6 45. Kc2 Rg3 46. a4 Rh3 47. Kb3 Rh4 48. a5 Rg4 49. Rd4 Rg2 50. Ka3 a6 51. b3 Rg3 52. c4 Rf3 53. Ka4 Rf1 54. Rd3 Rf4 55. Kb4 Rf5 56. Rd8 Rg5 57. Rb8 Rg7 58. Kc5 Rg5+ 59. Kb6 Rg3 60. b4 Rg4 61. Rxb7 Rxc4 62. Kxa6 Kd6 63. b5 Ra4 64. Kb6 1-0

[Event "Rottach Egern Seniors Cup 10th"]
[Site "Rottach Egern"]
[Date "2022.03.29"]
[Round "4"]
[White "Deflieze, Ulrich"]
[Black "Renger, Juergen"]
[Result "1/2-1/2"]
[WhiteElo "1907"]
[BlackElo "1795"]
[PlyCount "36"]
[EventDate "2022.03.26"]
[EventType "swiss"]
[EventRounds "9"]
[EventCountry "GER"]
[SourceTitle "CBM 207 Extra"]
[Source "ChessBase"]
[SourceDate "2022.05.31"]
[SourceVersion "1"]
[SourceVersionDate "2022.05.31"]
[SourceQuality "1"]

1. e4 e6 2. d4 d5 3. Nd2 c5 4. exd5 exd5 5. Ngf3 Nc6 6. Bb5 Bd6 7. dxc5 Bxc5 8. 0-0 Nge7 9. Nb3 Bd6 10. h3 0-0 11. Bg5 Qc7 12. Re1 a6 13. Bd3 h6 14. Bxe7 Nxe7 15. Nbd4 Bd7 16. c3 Rfe8 17. Qc2 Rad8 18. Re2 Qc8 1/2-1/2

[Event "Rottach Egern Seniors Cup 10th"]
[Site "Rottach Egern"]
[Date "2022.03.28"]
[Round "3"]
[White "Renger, Juergen"]
[Black "Sand, Rolf"]
[Result "1/2-1/2"]
[WhiteElo "1795"]
[BlackElo "1926"]
[PlyCount "33"]
[EventDate "2022.03.26"]
[EventType "swiss"]
[EventRounds "9"]
[EventCountry "GER"]
[SourceTitle "CBM 207 Extra"]
[Source "ChessBase"]
[SourceDate "2022.05.31"]
[SourceVersion "1"]
[SourceVersionDate "2022.05.31"]
[SourceQuality "1"]

1. d4 Nf6 2. c4 g6 3. Nc3 d5 4. e3 Bg7 5. Qb3 e6 6. Qa3 a5 7. b3 c6 8. Nf3 Na6 9. Bd2 Ne4 10. Qb2 Nxd2 11. Qxd2 0-0 12. Be2 c5 13. cxd5 cxd4 14. Nxd4 exd5 15. Rc1 Nc7 16. 0-0 Ne6 17. Nxe6 1/2-1/2

[Event "Heusenstamm Sparkassen op-B 3rd"]
[Site "Heusenstamm"]
[Date "2016.11.27"]
[Round "3"]
[White "Renger, Juergen"]
[Black "Pogosian, Norair"]
[Result "0-1"]
[WhiteElo "1628"]
[BlackElo "1697"]
[PlyCount "60"]
[EventDate "2016.11.27"]
[EventType "swiss"]
[EventRounds "7"]
[EventCountry "GER"]
[SourceTitle "EXT 2018"]
[Source "ChessBase"]
[SourceDate "2017.10.13"]
[SourceVersion "1"]
[SourceVersionDate "2017.10.13"]
[SourceQuality "1"]

1. d4 Nf6 2. c4 g6 3. Nc3 d5 4. e3 Bg7 5. Qb3 e6 6. Qa3 Nc6 7. Nf3 a5 8. cxd5 exd5 9. Bb5 Bd7 10. Na4 Nb4 11. Bxd7+ Qxd7 12. Qb3 Qb5 13. Ne5 Ne4 14. Nc3 Nxc3 15. bxc3 Bxe5 16. cxb4 Bd6 17. Bd2 Bxb4 18. Bxb4 Qxb4+ 19. Qxb4 axb4 20. Ke2 Kd7 21. Rhb1 Ra4 22. Kf3 Rha8 23. Rb2 b6 24. Rd1 Kd6 25. e4 dxe4+ 26. Kxe4 Rxa2 27. Rdd2 b3 28. Kd3 Rxb2 29. Rxb2 Ra2 30. Kc3 Rxb2 0-1

[Event "Heusenstamm Sparkassen op-B 3rd"]
[Site "Heusenstamm"]
[Date "2016.11.27"]
[Round "7"]
[White "Renger, Juergen"]
[Black "Rupp, Arnim"]
[Result "1/2-1/2"]
[WhiteElo "1628"]
[BlackElo "1280"]
[PlyCount "54"]
[EventDate "2016.11.27"]
[EventType "swiss"]
[EventRounds "7"]
[EventCountry "GER"]
[SourceTitle "EXT 2018"]
[Source "ChessBase"]
[SourceDate "2017.10.13"]
[SourceVersion "1"]
[SourceVersionDate "2017.10.13"]
[SourceQuality "1"]

1. d4 d5 2. c4 c6 3. Nf3 Nf6 4. e3 e6 5. Nc3 Be7 6. Bd3 dxc4 7. Bxc4 b5 8. Bd3 0-0 9. 0-0 Bb7 10. Ne4 Nbd7 11. b3 a6 12. Bb2 c5 13. Ng3 Bd6 14. Rc1 Rc8 15. Nd2 Nd5 16. Nde4 Bxg3 17. hxg3 Qe7 18. Qh5 Nb4 19. Bb1 g6 20. Qh6 Bxe4 21. Bxe4 Nxa2 22. dxc5 f6 23. Ra1 Nb4 24. Ba3 Qxc5 25. Bxg6 hxg6 26. Qxg6+ Kh8 27. Qh6+ Kg8 1/2-1/2

[Event "Griesheim op"]
[Site "Griesheim"]
[Date "2011.05.??"]
[Round "3"]
[White "Renger, Juergen"]
[Black "Beck, Michael"]
[Result "0-1"]
[WhiteElo "1678"]
[BlackElo "2015"]
[PlyCount "86"]
[EventDate "2011.05.??"]
[EventType "swiss"]
[EventRounds "5"]
[EventCountry "GER"]
[SourceTitle "CBM 142 Extra"]
[Source "ChessBase"]
[SourceDate "2011.06.27"]
[SourceVersion "1"]
[SourceVersionDate "2011.06.27"]
[SourceQuality "1"]

1. d4 d5 2. c4 c6 3. Nf3 Nf6 4. e3 e6 5. Bd3 dxc4 6. Bxc4 b5 7. Bd3 Bb7 8. 0-0 Nbd7 9. Nc3 a6 10. Re1 c5 11. dxc5 Nxc5 12. Be2 Qb6 13. Qd4 Rd8 14. Qh4 Be7 15. Qh3 0-0 16. Ne5 Qc7 17. f4 Qb6 18. Kh1 Qa5 19. Rf1 Nb3 20. Rb1 Nd2 21. Bxd2 Rxd2 22. Bf3 Bxf3 23. Qxf3 Qb6 24. Ne4 Nxe4 25. Qxe4 Bc5 26. f5 exf5 27. Rxf5 Qe6 28. Rf4 f6 29. Rh4 Qxe5 30. Qxh7+ Kf7 31. Rg4 Rg8 32. Qg6+ Kf8 33. Re4 Qb8 34. Rf1 Be7 35. Rc1 Qd8 36. Rd4 Rxd4 37. exd4 Rh8 38. Qf5 Qd6 39. h3 Kf7 40. d5 g6 41. Qe4 Qe5 42. Qd3 Bd6 43. Rc6 Qh2# 0-1